Manual práctico de avicultura / (Record no. 37862)

MARC details
000 -LEADER
campo de control de longitud fija 00455nam a2200145 i 4500
001 - NÚMERO DE CONTROL
campo de control 37862
003 - IDENTIFICADOR DE NÚMERO DE CONTROL
campo de control ES-MaACL
007 - CAMPO FIJO DE DESCRIPCIÓN FÍSICA--INFORMACIÓN GENERAL
campo de control de longitud fija t|
008 - DATOS DE LONGITUD FIJA--INFORMACIÓN GENERAL
campo de control de longitud fija 030224s1946 ag ||||1| spa d
100 1# - ENTRADA PRINCIPAL--NOMBRE DE PERSONA
Nombre de persona Burgin, Juan Eduardo.
9 (RLIN) 32638
245 10 - MENCIÓN DEL TÍTULO
Título Manual práctico de avicultura /
Mención de responsabilidad, etc. Juan Eduardo Burgin.
260 ## - PUBLICACIÓN, DISTRIBUCIÓN, ETC.
Lugar de publicación, distribución, etc. Buenos Aires :
Nombre del editor, distribuidor, etc. El Ateneo,
Fecha de publicación, distribución, etc. [1946] (
Fabricante Avellaneda Bartolomé U. Chiesino)
300 ## - DESCRIPCIÓN FÍSICA
Extensión 233 p. :
Otras características físicas il. ;
Dimensiones 20 cm.
852 ## - LOCALIZACIÓN
Ubicación ES-MaACL
Número de control de estantería B-7835
Sublocalización o colección R.26761
Holdings
Estatus retirado Estado de pérdida Estado de daño No para préstamo Biblioteca de origen Biblioteca actual Ubicación en estantería Fecha de adquisición Fuente de adquisición Total de préstamos Signatura topográfica completa Código de barras Visto por última vez Precio de reemplazo Tipo de ítem Koha
        Biblioteca del Ateneo de Madrid Biblioteca del Ateneo de Madrid Sala Pardo Bazán 17/01/2008     B-7835 1039865 23/02/2023 23/02/2023 Libro impreso